The Ethernet management guide : keeping the link /

Bibliographic Details
Main Author: Nemzow, Martin A. W.
Format: Book
Language:English
Published: New York : McGraw-Hill, [1992]
Edition:2nd ed.
Series:McGraw-Hill series on computer communications.
Subjects:

MARC

Tag First Indicator Second Indicator Subfields
LEADER 00000cam a2200000 a 4500
001 in00001164913
005 20151001071741.0
008 910731s1992 nyua b 001 0 eng
010 |a  91029386  
020 |a 0070463204 
035 |a (OCoLC)24320807 
035 |9 AGE3606AM 
040 |a DLC  |c DLC  |d TXA  |d UtOrBLW 
049 |a TXAM 
050 0 0 |a TK5105.8.E83  |b N46 1992 
082 0 0 |a 004.6/8  |2 20 
100 1 |a Nemzow, Martin A. W. 
245 1 4 |a The Ethernet management guide :  |b keeping the link /  |c Martin A.W. Nemzow. 
250 |a 2nd ed. 
264 1 |a New York :  |b McGraw-Hill,  |c [1992] 
264 4 |c ©1992 
300 |a x, 550 pages :  |b illustrations ;  |c 24 cm. 
336 |a text  |b txt  |2 rdacontent 
337 |a unmediated  |b n  |2 rdamedia 
338 |a volume  |b nc  |2 rdacarrier 
490 1 |a McGraw-Hill series on computer communications 
500 |a Revised edition of: Keeping the link. c1988. 
504 |a Includes bibliographical references (pages 519-520) and index. 
650 0 |a Ethernet (Local area network system) 
700 1 |a Nemzow, Martin A. W.  |t Keeping the link. 
830 0 |a McGraw-Hill series on computer communications. 
999 |a MARS 
999 f f |s e24f70a8-d445-3908-8812-dee0c2f94f3d  |i f9ac9243-a934-3ef8-a53a-e2f7dd215209  |t 0 
952 f f |p ric  |a Texas A&M University  |b Rellis Campus  |c Joint Library Facility  |d Remote Storage  |t 0  |e TK5105.8.E83 N46 1992  |h Library of Congress classification  |i unmediated -- volume  |m A14817723349 
998 f f |a TK5105.8.E83 N46 1992  |t 0  |l Remote Storage